Bu 50 Rastgele Ülkeyi Bilebilir Misin? - Statistics

General Stats
  • This quiz has been taken 8 041 times
  • The average score is 28 of 50
Answers on the Map
Answers color-coded by a green-red scale on the quiz's map according to % correct below.
 
Answer Stats
Ülke % Correct
Amerika Birleşik Devletleri
98%
Kanada
97%
Rusya
97%
Türkiye
94%
Brezilya
93%
Çin
92%
Şili
92%
İtalya
91%
Meksika
91%
Japonya
90%
Hindistan
89%
Arjantin
88%
Mısır
88%
İsveç
87%
Danimarka
86%
Fransa
86%
Norveç
86%
Almanya
85%
Avustralya
84%
Birleşik Krallık
84%
İran
83%
İspanya
83%
Kazakistan
83%
Moğolistan
83%
Endonezya
82%
Finlandiya
82%
İzlanda
81%
Suudi Arabistan
81%
Yunanistan
81%
Cezayir
80%
Fas
80%
Irak
80%
Portekiz
80%
Suriye
79%
Ukrayna
77%
İrlanda
76%
Polonya
76%
Libya
75%
Pakistan
75%
Azerbaycan
74%
Belçika
74%
Bulgaristan
73%
Gürcistan
73%
Hollanda
73%
Madagaskar
73%
Güney Afrika
72%
Romanya
72%
Afganistan
70%
Avusturya
70%
Ermenistan
70%
Kıbrıs
69%
Özbekistan
69%
Tunus
69%
Güney Kore
68%
İsrail
68%
İsviçre
68%
Litvanya
68%
Belarus
67%
Estonya
67%
Peru
67%
Ürdün
67%
Hırvatistan
66%
Kuzey Kore
66%
Sudan
66%
Tayland
66%
Türkmenistan
66%
Uruguay
66%
Yemen
66%
Çek Cumhuriyeti
65%
Küba
65%
Nepal
65%
Somali
65%
Vietnam
65%
Arnavutluk
64%
Bosna-Hersek
64%
Filipinler
64%
Kırgızistan
64%
Kolombiya
63%
Yeni Zelanda
63%
Letonya
62%
Moldova
62%
Sri Lanka
62%
Umman
62%
Paraguay
61%
Venezuela
61%
Lübnan
60%
Sırbistan
60%
Tacikistan
60%
Bangladeş
59%
Bolivya
59%
Kuzey Makedonya
59%
Macaristan
59%
Panama
59%
Birleşik Arap Emirlikleri
58%
Kosova
58%
Papua Yeni Gine
57%
Slovenya
57%
Tayvan
57%
Demokratik Kongo Cumhuriyeti
56%
Karadağ
56%
Kuveyt
55%
Malezya
55%
Myanmar
55%
Slovakya
55%
Çad
53%
Etiyopya
53%
Katar
53%
Laos
53%
Nijer
51%
Mali
50%
Ekvador
49%
Guyana
48%
Nijerya
48%
Kamboçya
46%
Moritanya
46%
Kenya
45%
Surinam
45%
Eritre
44%
Angola
43%
Senegal
43%
Kongo Cumhuriyeti
42%
Bahamalar
41%
Dominik Cumhuriyeti
41%
Honduras
41%
Tanzanya
41%
Haiti
40%
Mozambik
39%
Bhutan
38%
Jamaika
38%
Guatemala
37%
Güney Sudan
37%
Namibya
37%
Orta Afrika Cumhuriyeti
37%
Cibuti
36%
Kosta Rika
36%
El Salvador
36%
Gana
36%
Lesotho
36%
Benin
35%
Kamerun
35%
Togo
35%
Fildişi Sahili
34%
Belize
33%
Gine
33%
Nikaragua
33%
Zambiya
33%
Liberya
31%
Zimbabve
31%
Botsvana
30%
Fiji
30%
Uganda
30%
Doğu Timor
29%
Esvatini
29%
Gabon
29%
Malavi
29%
Mikronezya Federal Devletleri
28%
Burkina Faso
27%
Ruanda
27%
Burundi
26%
Gambiya
26%
Kiribati
25%
Seyşeller
25%
Ekvator Ginesi
24%
Sierra Leone
24%
Yeşil Burun Adaları
23%
Solomon Adaları
22%
Komorlar
21%
Gine-Bissau
20%
Palau
17%
Trinidad ve Tobago
17%
Marshall Adaları
15%
Vanuatu
14%
Mauritius
13%
No matching quizzes found
Score Distribution
Percent of People with Each Score
Percentile by Number Answered
Your Score History
You have not taken this quiz